| 000 | 00879nam a22002057a 4500 | ||
|---|---|---|---|
| 999 |
_c12100 _d12100 |
||
| 003 | AR-CdUCM | ||
| 008 | 190405b ||||| |||| 00| 0 spa d | ||
| 040 |
_aMUNICIPALIDAD PROVINCIAL DEL CUSCO _cBIBLIOTECA MUNICIPAL DEL CUSCO |
||
| 082 |
_a344 / _bJ54 / 1922 |
||
| 100 |
_aJimenez de Asua, Luis _99133 |
||
| 245 |
_aEl estado de necesidad en materia penal : _bCon especiales referencias a las legislaciones española y argentina / |
||
| 260 |
_aBuenos Aires : _bPenitenciaria nacional, _c1922. |
||
| 300 |
_a129 páginas ; _c23 cm. |
||
| 505 | _aContenido : El estado de necesidad en general -- Estudio particular del robo necesario -- El estado de necesidad y el robo necesario en las legislaciones española y argentina ... | ||
| 650 |
_aLegislaciones _96349 |
||
| 650 |
_aDerecho _9739 |
||
| 650 |
_aArgentina _9511 |
||
| 942 |
_2ddc _cLIBROS |
||
| 945 |
_arah _d05/04/2019 |
||